000
00343nam a2200145Ia 4500
008
150201s2006 xx 000 0 und d
082
_a
617.643
_b
R2006R
100
_a
RANI,M.S.
245
_a
REMOVABLE ORTHODONTICS APPLIANCES
250
_a
2ND
260
_b
AIPD
_a
DELHI
_c
2006
300
_a
1-240
650
_a
ORTHODONTICS
942
_2
ddc
_c
BK
999
_c
3596
_d
3596